Get the Picture: Big 4 'G' All-Stars Quiz Stats

 Plays Quiz Updated Oct 13, 2019

Score 0/12 Timer 01:30
1 Play Today
Question Answer Wrong Answers
Kevin Garnett NBA
88.8%
MLB
4.2%
NFL
2.6%
NHL
1.3%
Ken Griffey Jr. MLB
87.6%
NBA
3.1%
NFL
3.8%
NHL
2.4%
Marián Gáborík NHL
85.5%
MLB
4.9%
NBA
4%
NFL
2.6%
Ryan Getzlaf NHL
83%
MLB
6.6%
NBA
3.2%
NFL
4%
Vladimir Guerrero MLB
80.7%
NBA
3.3%
NFL
2.4%
NHL
10.4%
Tony Gwynn MLB
78.7%
NBA
5.9%
NFL
5.9%
NHL
6%
Frank Gore NFL
76.1%
MLB
10.4%
NBA
5.3%
NHL
5%
George Gervin NBA
75.2%
MLB
8.5%
NFL
6.3%
NHL
6.8%
Stephen Gostkowski NFL
70.7%
MLB
4.7%
NBA
4.3%
NHL
17.1%
Tony Gonzalez NFL
64.5%
MLB
27.4%
NBA
2.9%
NHL
1.9%
Bill Guerin NHL
57.9%
MLB
13.4%
NBA
16.7%
NFL
8.5%
Hal Greer NBA
53.5%
MLB
15.9%
NFL
13.2%
NHL
13.8%

Today's Daily Dose

Missing Word
1940s A-Z

Quick Pick
'S' Athletes

Get the Picture
Depp or Bonham Carter

You're not logged in!

Compare scores with friends on all Sporcle quizzes.
OR
Log In

Sporcle TV

Today on Sporcle TV


Watch our educational content, quiz creation guides, and fun videos on Sporcle TV.

Show Comments

Extras

Top Quizzes Today


Score Distribution

Your Account Isn't Verified!

In order to create a playlist on Sporcle, you need to verify the email address you used during registration. Go to your Sporcle Settings to finish the process.

Report this User

Report this user for behavior that violates our Community Guidelines.

Details: